Представление документа в формате MARC21

ПолеНазваниеЗначение
  Тип записи a
  Библиографический уровень m
001 Контрольный номер RU\infra-m\znanium\bibl\2233461
005 Дата корректировки 20260429142135.8
008 Кодируемые данные 260120s2025 RU g rus u
020 Индекс ISBN __
a ISBN 978-985-15-1548-2
040 Источник каталогиз. __
a Служба первич. каталог. Общество с ограниченной ответственностью «ЗНАНИУМ»
041 Код языка издания __
a Код языка текста rus
044 Код страны публикации __
a Код страны публикации RU
080 Индекс УДК __
a Индекс УДК 33
084 Индекс другой классификации/Индекс ББК __
2 Источник индекса rubbk
a Индекс другой классификации/Индекс ББК 65
084 Индекс другой классификации/Индекс ББК __
2 Источник индекса okso
a Индекс другой классификации/Индекс ББК 38.03.01
084 Индекс другой классификации/Индекс ББК __
2 Источник индекса okso
a Индекс другой классификации/Индекс ББК 38.03.02
100 Автор __
a Автор Голдрат Э.М.
q Полное имя Голдрат Элияху
245 Заглавие __
a Заглавие Цель. Процесс непрерывного совершенствования
b Продолж. заглавия Научно-популярная литература
250 Сведения об издании __
a Основные сведения об издании 1
260 Выходные данные __
a Место издания Москва
b Издательство ООО "Альпина Паблишер"
c Дата издания 2026
300 Физическое описание __
a Объем 413 с.
520 Аннотация __
a Аннотация Человек столкнувшийся при ведении личного бизнеса с какой-либо проблемой и понуждаемый ею мыслить логически спокойно поступательно без авантюрно-истерических перескоков и разрывов должен иметь способность видеть причинно-следственные связи между действиями и результатами и знать базовые принципы достижения успехов. Для широкого круга читателей.
521 Примеч. о цел. назн. __
a Примеч. о целев. назн. Дополнительное образование
650 Тематические рубрики __
a Основная рубрика Экономика. Бухгалтерский учет. Финансы
655 Указ. предметных рубрик (устаревшее) __
a Жанр/ форма (устаревшее) Научно-популярная литература
700 Другие авторы __
a Другие авторы Кокс Д.
q Полное имя Кокс Джефф
700 Другие авторы __
a Другие авторы Самсонов П.
856 Электронный адрес документа 4_
a Имя сервера/домена znanium.ru
m Помощь ebs_support@infra-m.ru
n Местонахождение сервера НИЦ ИНФРА-М
u URL https://znanium.ru/catalog/document?id=472535
856 Электронный адрес документа 48
a Имя сервера/домена znanium.ru
d Путь /cover/2233
f Электронное имя 2233461.jpg
q Тип электронного формата image/jpeg
u URL https://znanium.ru/cover/2233/2233461.jpg
911 __
u 0030=https://znanium.ru/catalog/document?id=472535